00334nam a2200133Ia 45000030006000000080041000060400015000471000019000622450070000812500011001512600009001625460012001710050017001830STCL150530s9999 xx 000 0 und d aSTCLcSTCL aDudley Dillard aEconomics of John Maynard Keynes the theory of a monetary economy aEighth c1963 aEnglish20220125165650.0